[Event "Ville d'Orsay online Blitz"]
[Site "Europe Echecs INT"]
[Date "2021.02.07"]
[Round "11"]
[White "Chomienne, Pierre Jerome"]
[Black "Lebret, Loriane"]
[Result "0-1"]
[WhiteElo "1209"]
[BlackElo "1693"]
[PlyCount "124"]
[EventDate "2021.02.07"]
[EventType "swiss (blitz)"]
[EventRounds "11"]
[EventCountry "FRA"]
[SourceTitle "CBM 200 Extra"]
[Source "ChessBase"]
[SourceDate "2021.03.31"]
[SourceVersion "1"]
[SourceVersionDate "2021.03.31"]
[SourceQuality "1"]

1. d4 g6 2. Nf3 Nf6 3. c4 Bg7 4. Nc3 d5 5. Bg5 0-0 6. Bxf6 Bxf6 7. e3 dxc4 8. Bxc4 Bg4 9. Be2 Nd7 10. h3 Bxf3 11. Bxf3 Rb8 12. Rc1 c5 13. 0-0 Qa5 14. a3 Rfd8 15. Ne4 Bg7 16. Nxc5 Nxc5 17. Rxc5 Qxc5 18. dxc5 Rxd1 19. Rxd1 Bxb2 20. Rb1 Bxa3 21. c6 Bc5 22. Rc1 b6 23. Rd1 Bd6 24. Rc1 Rc8 25. Bg4 f5 26. Bf3 Kf7 27. Bd5+ e6 28. Bb3 Ke7 29. g4 Bc5 30. Ba4 a6 31. gxf5 gxf5 32. Kg2 Kd6 33. Kf3 b5 34. Bb3 Rxc6 35. Rd1+ Ke7 36. Kf4 Bd6+ 37. Kg5 a5 38. Kh6 a4 39. Ba2 b4 40. Rd4 b3 41. Bb1 a3 42. Ra4 b2 43. Ra7+ Kf6 44. Rxh7 Rc1 45. Rg7 Rxb1 46. Rg6+ Ke5 47. f4+ Kd5 48. Rg2 a2 49. Kg6 a1Q 50. Kf6 Rg1 51. Rd2+ Kc6 52. Kxe6 Qa2+ 53. Kxf5 Qf7+ 54. Ke4 Qe6+ 55. Kf3 Rf1+ 56. Ke2 Rh1 57. Rc2+ Bc5 58. Rxc5+ Kxc5 59. e4 Qxe4+ 60. Kd2 Rxh3 61. f5 Qg2+ 62. Kd1 Rh1# 0-1

[Event "Ville d'Orsay online Blitz"]
[Site "Europe Echecs INT"]
[Date "2021.02.07"]
[Round "4"]
[White "Lebret, Loriane"]
[Black "Benlatreche, Farid"]
[Result "1-0"]
[WhiteElo "1693"]
[BlackElo "1344"]
[PlyCount "85"]
[EventDate "2021.02.07"]
[EventType "swiss (blitz)"]
[EventRounds "11"]
[EventCountry "FRA"]
[SourceTitle "CBM 200 Extra"]
[Source "ChessBase"]
[SourceDate "2021.03.31"]
[SourceVersion "1"]
[SourceVersionDate "2021.03.31"]
[SourceQuality "1"]

1. e4 c5 2. c3 d6 3. d4 cxd4 4. cxd4 e6 5. Nf3 a6 6. Bc4 Nf6 7. Nc3 b5 8. Bb3 Bb7 9. Bg5 Nc6 10. 0-0 Be7 11. Re1 0-0 12. Qe2 Rc8 13. Rac1 b4 14. Na4 h6 15. Bh4 Nd7 16. Bxe7 Qxe7 17. d5 Nce5 18. Nxe5 Nxe5 19. Nb6 Rxc1 20. Rxc1 Qg5 21. Rc7 Ba8 22. Ra7 Qc1+ 23. Qf1 Qc5 24. Rxa6 Bb7 25. Na4 Qd4 26. Rxd6 Nd3 27. dxe6 Bxe4 28. Rxd4 fxe6 29. Rxe4 Nxf2 30. Bxe6+ Kh7 31. h3 Nxh3+ 32. gxh3 Rxf1+ 33. Kxf1 g6 34. Rxb4 h5 35. Rb7+ Kh6 36. Nc5 Kg5 37. a4 Kh4 38. a5 g5 39. a6 g4 40. hxg4 hxg4 41. Bxg4 Kxg4 42. a7 Kf5 43. a8Q 1-0

[Event "Trophee Roza Lallemand Online"]
[Site "Tornelo INT"]
[Date "2020.12.13"]
[Round "6"]
[White "Lebret, Loriane"]
[Black "Alfano, Emilie"]
[Result "0-1"]
[WhiteElo "1693"]
[BlackElo "1621"]
[PlyCount "142"]
[EventDate "2020.12.13"]
[EventType "swiss (rapid)"]
[EventRounds "9"]
[EventCountry "USA"]
[SourceTitle "EXT 2022"]
[Source "ChessBase"]
[SourceDate "2021.10.06"]
[SourceVersion "1"]
[SourceVersionDate "2021.10.06"]
[SourceQuality "1"]

1. e4 e5 2. Nf3 Nc6 3. Bb5 a6 4. Ba4 Nf6 5. 0-0 Be7 6. Re1 b5 7. Bb3 0-0 8. d3 d6 9. c3 Bg4 10. Nbd2 Re8 11. Nf1 Nb8 12. Ng3 Nbd7 13. h3 Be6 14. Bc2 Bf8 15. d4 exd4 16. cxd4 d5 17. e5 Ne4 18. Nxe4 dxe4 19. Bxe4 Rb8 20. Bf4 Nb6 21. Qc2 Bb4 22. Red1 Nd5 23. Bxh7+ Kh8 24. Bg5 Qd7 25. Be4 Rg8 26. a3 Be7 27. Bxe7 Qxe7 28. Rac1 Rbc8 29. Qd2 f6 30. Rc6 f5 31. Bb1 Nb6 32. Ng5 Bd5 33. Qf4 g6 34. Qh4+ Kg7 35. Qh7+ Kf8 36. Rf6+ Ke8 37. Qxe7+ Kxe7 38. Rc1 c6 39. g4 Nd7 40. Rd6 Rcf8 41. Nh7 Rf7 42. Ng5 Rfg7 43. h4 fxg4 44. Kh2 Nb6 45. Be4 Nc4 46. Bxd5 cxd5 47. Rxd5 Nxb2 48. Rc7+ Ke8 49. Rxg7 Rxg7 50. Rd6 a5 51. d5 Nc4 52. e6 Nxd6 53. Kg3 Nf5+ 54. Kxg4 Ke7 55. Ne4 Rg8 56. h5 Nd6 57. Nc5 gxh5+ 58. Kxh5 Rf8 59. Kg6 Rxf2 60. Kg7 Rg2+ 61. Kh6 Rd2 62. Nb3 Rxd5 63. Nxa5 Kxe6 64. Kg7 Rd3 65. Nc6 Rxa3 66. Nd4+ Kd5 67. Nc2 Rc3 68. Nb4+ Kc4 69. Nc6 b4 70. Ne5+ Kd5 71. Kf6 Rf3+ 0-1

[Event "Avoine op 31st"]
[Site "Avoine"]
[Date "2016.07.26"]
[Round "4"]
[White "Cau, Benjamin"]
[Black "Lebret, Loriane"]
[Result "1/2-1/2"]
[WhiteElo "2092"]
[BlackElo "1768"]
[PlyCount "84"]
[EventDate "2016.07.23"]
[EventType "swiss"]
[EventRounds "9"]
[EventCountry "FRA"]
[SourceTitle "CBM 173 Extra"]
[Source "ChessBase"]
[SourceDate "2016.08.29"]
[SourceVersion "1"]
[SourceVersionDate "2016.08.29"]
[SourceQuality "1"]

1. e4 g6 2. d4 Bg7 3. Nc3 c6 4. Nf3 d5 5. exd5 cxd5 6. Ne5 Nf6 7. Be2 0-0 8. Be3 Nc6 9. f4 Bf5 10. Bf3 Qa5 11. 0-0 Rad8 12. Qd2 Qc7 13. Qe2 Nxe5 14. dxe5 Ne4 15. Bxe4 Bxe4 16. Nxe4 dxe4 17. Rad1 f6 18. exf6 exf6 19. f5 Rxd1 20. Qxd1 Qa5 21. Qd7 Qxa2 22. Qxb7 gxf5 23. Rc1 f4 24. Bxf4 f5 25. b3 Qa5 26. c4 Qb6+ 27. Qxb6 axb6 28. Be3 Rf6 29. g3 h5 30. b4 Bf8 31. c5 bxc5 32. Bxc5 Rc6 33. Kf2 Kf7 34. Rc2 Bxc5+ 35. bxc5 Ke6 36. Ke3 Ke5 37. Rc1 h4 38. Rc2 hxg3 39. hxg3 Kd5 40. Rd2+ Kxc5 41. g4 fxg4 42. Kxe4 g3 1/2-1/2

[Event "FRA-ch U20 Girls"]
[Site "Montbeliard"]
[Date "2014.04.25"]
[Round "7"]
[White "Lebret, Loriane"]
[Black "Monpeurt, Cyrielle"]
[Result "0-1"]
[WhiteElo "1686"]
[BlackElo "2028"]
[PlyCount "47"]
[EventDate "2014.04.20"]
[EventType "swiss"]
[EventRounds "9"]
[EventCountry "FRA"]
[SourceTitle "CBM 160 Extra"]
[Source "ChessBase"]
[SourceDate "2014.07.01"]
[SourceVersion "1"]
[SourceVersionDate "2014.07.01"]
[SourceQuality "1"]

1. e4 e5 2. Nf3 Nc6 3. Bb5 a6 4. Ba4 Nf6 5. 0-0 Be7 6. Re1 b5 7. Bb3 0-0 8. d3 d6 9. h3 Na5 10. Nbd2 Bb7 11. c3 Nxb3 12. Qxb3 c5 13. Nf1 Nh5 14. d4 cxd4 15. cxd4 d5 16. dxe5 dxe4 17. N3d2 Qd4 18. Qe3 Qxe5 19. Nxe4 Rae8 20. Nc3 Qf6 21. Nh2 Bc5 22. Qd2 Qg6 23. g4 Qc6 24. Qd1 0-1

[Event "La Fere op 11th"]
[Site "La Fere"]
[Date "2012.07.07"]
[Round "1"]
[White "Duquenne, Eddy"]
[Black "Lebret, Loriane"]
[Result "1/2-1/2"]
[WhiteElo "1520"]
[BlackElo "1655"]
[PlyCount "90"]
[EventDate "2012.07.07"]
[EventType "swiss"]
[EventRounds "9"]
[EventCountry "FRA"]
[SourceTitle "CBM 149 Extra"]
[Source "ChessBase"]
[SourceDate "2012.08.24"]
[SourceVersion "1"]
[SourceVersionDate "2012.08.24"]
[SourceQuality "1"]

1. d4 d5 2. c4 c6 3. Nc3 Nf6 4. Nf3 e6 5. Bf4 Nbd7 6. e3 Be7 7. Bd3 dxc4 8. Bxc4 Nb6 9. Bd3 0-0 10. Qc2 Nbd5 11. Bg3 Nb4 12. Qb1 Nxd3+ 13. Qxd3 Nh5 14. 0-0 Nxg3 15. hxg3 c5 16. Rfd1 cxd4 17. exd4 Bd7 18. Ne5 Rc8 19. Ne4 Bc6 20. Nxc6 Rxc6 21. Rac1 Rxc1 22. Rxc1 Qb6 23. Rc2 Rd8 24. Rd2 f5 25. Nc3 Bf6 26. Ne2 e5 27. Qxf5 exd4 28. Qd3 Qa5 29. Qc4+ Kf8 30. Qd3 Qxa2 31. Nf4 Bg5 32. b3 Qa5 33. Ne6+ Ke7 34. Nxg5 Qxg5 35. Re2+ Kf7 36. Re4 Qc1+ 37. Kh2 Qc3 38. Rf4+ Kg8 39. Rf3 Qb4 40. g4 Qd6+ 41. g3 Rc8 42. Qe4 Qh6+ 43. Kg2 Qb6 44. Rd3 Rd8 45. g5 h5 1/2-1/2

[Event "FRA-ch U18 Girls"]
[Site "Montlucon"]
[Date "2011.04.18"]
[Round "3"]
[White "Lebret, Loriane"]
[Black "Briatte, Coline"]
[Result "1-0"]
[WhiteElo "1625"]
[BlackElo "1570"]
[PlyCount "73"]
[EventDate "2011.04.17"]
[EventType "swiss"]
[EventRounds "9"]
[EventCountry "FRA"]
[SourceTitle "CBM 142 Extra"]
[Source "ChessBase"]
[SourceDate "2011.06.27"]
[SourceVersion "1"]
[SourceVersionDate "2011.06.27"]
[SourceQuality "1"]

1. e4 d5 2. exd5 Qxd5 3. Nc3 Qa5 4. d4 Nf6 5. Nf3 Bg4 6. Be2 Nc6 7. 0-0 0-0-0 8. Be3 e5 9. Ng5 Bxe2 10. Nxe2 exd4 11. Nxd4 Nxd4 12. Nxf7 Nc6 13. Nxd8 Nxd8 14. Qf3 Bd6 15. Rfe1 Qe5 16. Qh3+ Qe6 17. Qxe6+ Nxe6 18. Bxa7 Nf4 19. Bd4 N4d5 20. c3 Rf8 21. h3 Kd7 22. a4 c6 23. b4 Nc7 24. Be5 Bxe5 25. Rxe5 Re8 26. Rxe8 Nfxe8 27. c4 Nd6 28. Rd1 Ke7 29. Rc1 Kd7 30. f4 g6 31. g4 Ne6 32. c5 Nf7 33. f5 gxf5 34. gxf5 Nf4 35. Kh2 Nd5 36. b5 Ne7 37. Rf1 1-0

[Event "FRA-ch U12 Girls"]
[Site "Aix les Bains"]
[Date "2006.??.??"]
[Round "1"]
[White "Neuhauser, Salome"]
[Black "Lebret, Loriane"]
[Result "1-0"]
[WhiteElo "1798"]
[BlackElo "1350"]
[PlyCount "31"]
[EventDate "2006.04.16"]
[EventType "swiss"]
[EventRounds "9"]
[EventCountry "FRA"]
[SourceTitle "EXT 2007"]
[Source "ChessBase"]
[SourceDate "2006.11.23"]
[SourceVersion "1"]
[SourceVersionDate "2006.11.23"]
[SourceQuality "1"]

1. e4 e5 2. Nf3 Nc6 3. Bc4 Bc5 4. Nc3 Nf6 5. d3 h6 6. h3 0-0 7. g4 d6 8. g5 hxg5 9. Bxg5 Be6 10. Qd2 Re8 11. 0-0-0 Qb8 12. Bxf6 gxf6 13. Qh6 Bxf2 14. Rd2 Bc5 15. Rg2+ Bg4 16. Rxg4# 1-0